Proyección política del Ampurdán / por Jorge Xifra Heras, Director del Instituto de Ciencias Sociales
Publicado:
San Jorge, núm. 88 (4t trimestre 1972), pàg 41 - 48 :
MARC
| LEADER | 00000nam a2200000Ia 4500 | ||
|---|---|---|---|
| 001 | |||
| 008 | 160829s9999 xx 000 0 cat d | ||
| 100 | 1 | |a Xifra Heras, Jorge, |d 1926-1990 |9 22480 | |
| 245 | |a Proyección política del Ampurdán / por Jorge Xifra Heras, Director del Instituto de Ciencias Sociales | ||
| 260 | |a San Jorge, núm. 88 (4t trimestre 1972), pàg 41 - 48 | ||
| 650 | |a Empordà |x política i govern |x Història |9 41997 | ||
| 650 | |a Muntaner, Ramon |9 41998 | ||
| 650 | |a Polítics |x Empordà |9 41999 | ||
| 901 | |a Arxiu | ||
| 942 | |n 1 | ||
| 952 | |0 0 |1 0 |4 0 |7 1 |9 50599 |a Arxiu |b Arxiu |d 2016-12-01 |l 0 |r 2016-12-01 00:00:00 |w 2016-12-01 |y ARXIU | ||
| 999 | |c 54441 |d 54441 | ||